| LEADER 00000nam 2200000uu 4500 |
| 008 110902s2554||||th 000 0 tha d |
| 060 0 วจ WQ 160 พ733ผก 2554.
|
| 100 0 ^aพิริยากร คล้ายเพ็ชร...[และคนอื่นๆ].
|
| 245 00 ^aรายงานวิจัยเรื่อง ผลการประเมินตนเองด้านสมรรถนะหลักพยาบาลวิชาชีพ การผดุงครรภ์ชั้นหนึ่งและพฤติกรรมจริยธรรมเชิงวิชาชีพของผู้สำเร็จการศึกษา หลักสูตรพยาบาลศาสตรบัณฑิต รุ่นที่ 11 ประจำปีการศึกษา 2553 วิทยาลัยพยาบาลบรมราชชนนี ขอนแก่น./^bพิริยากร คล้ายเพ็ชร...[และคนอื่นๆ].
|
| 260 ^aขอนแก่น : ^bวิทยาลัยพยาบาลบรมราชชนนี ขอนแก่น,^c2554.
|
| 300 ^aจำนวน 46 หน้า ;^bภาพประกอบ.
|
| 650 0 ^aพยาบาล - - ^xผลการประเมิน - - ^xสมรรถนะ.
|
| 650 0 ^aพฤติกรรมจริยธรรมเชิงวิชาชีพ.
|
| 650 0 ^aวิจัย.
|
| 700 0 ^aพิริยากร คล้ายเพ็ชร.
|
| 710 1 ^aขอนแก่น. วิทยาลัยพยาบาลบรมราชชนนี.
|
| 999 ^aใช้งานได้ทุกระบบ
|